Green Eggs and Ham Quiz Stats

 Plays Quiz Updated May 5, 2020

Support Sporcle.
Go Orange.
Score 0/50 Timer 05:00
8 Plays Today
% Correct
I
97.3%
a
96.6%
eggs
96%
green
95.8%
ham
95.2%
Sam
90.9%
and
90.2%
am
88.9%
not
86%
the
82.5%
do
82%
like
80.8%
them
71.6%
you
64.1%
in
64%
fox
61.8%
box
61.5%
train
59.4%
eat
57.3%
house
54.8%
mouse
53.4%
boat
53.4%
would
50.9%
will
50.7%
there
50.2%
% Correct
here
47.7%
anywhere
47.7%
on
46.3%
with
45.1%
car
44%
goat
42%
be
41.1%
rain
38.9%
could
38.3%
me
36.9%
tree
34.5%
so
34.3%
or
33.5%
try
30%
see
26.8%
dark
25.5%
are
24.8%
if
22.1%
let
22.1%
that
20.8%
say
20.5%
they
18.2%
may
16.5%
thank
15.6%
good
14.6%

From the Vault

Greek Mythological Creatures

by THEJMAN

At first we read the title as 'GEEK' mythological creatures, and we were very confused.
Remove Ads.
Support Sporcle.
Get the best of Sporcle when you Go Orange. This ad-free experience offers more features, more stats, and more fun while also helping to support Sporcle. Thank you for becoming a member.

Show Comments

Extras

Top Quizzes Today


Score Distribution

Your Account Isn't Verified!

In order to create a playlist on Sporcle, you need to verify the email address you used during registration. Go to your Sporcle Settings to finish the process.

Report this User

Report this user for behavior that violates our Community Guidelines.

Details: